L1-S1 Anglais - First Aid - Statistiques

Statistiques générales
  • Ce quiz a été pris 7 fois
  • Le résultat moyen est 6 sur 12
Statistiques - réponses
Par images Réponse % Correct
bandage
80%
Plaster
80%
Gauze
60%
Gloves
60%
Ice pack
60%
Ointment
60%
Triangular bandage
60%
Dressing
40%
hight visibility jacket
40%
Splint
40%
Tweezers
40%
Faceshield
20%
Aucun quiz correspondant
Distribution des résultats
% des personnes avec chaque résultat
Percentile par nombre de réponses
Votre historique - résultats
Vous n’avez pas pris ce quiz